| 000 | 00840nam a2200265Ia 4500 | ||
|---|---|---|---|
| 003 | OSt | ||
| 005 | 20220925204455.0 | ||
| 006 | a|||||r|||| 00| 0 | ||
| 007 | ta | ||
| 008 | 220923b |||||||| |||| 00| 0 eng d | ||
| 020 |
_a9789383419432 _c2995.00 |
||
| 037 |
_b2627, 20/04/2017, RESEARCH INDIA PRESS _cGeneral Book |
||
| 040 |
_aRTL _cRTL _beng |
||
| 041 |
_2eng _aeng |
||
| 082 | _aU218, Q7 | ||
| 100 |
_aJAIN Minakshi _9268620 |
||
| 245 | 0 |
_aLandscape architecture _b History, ecology & patterns |
|
| 260 |
_aGhaziabad _bCopal publishing group _c2017 |
||
| 300 |
_ax,222p. _ccm. |
||
| 500 | _aBibliography: 225-258p. | ||
| 650 | _aGeography | ||
| 700 |
_a SINGH I P _982591 |
||
| 942 |
_hU218, Q7 _cGB _2CC |
||
| 999 |
_c549513 _d549513 |
||